000 00378nam a2200133Ia 4500
008 230917s9999||||xx |||||||||||||| ||und||
040 _e90636
_aMAIN
041 _aEnglish
082 _a616.01 A48M
100 _aAditya Kumar
245 0 _aMicrobiology of the vaginal flora in vaginitis with special reference to the tole of anaerobic bacteria
300 _a86 p.
942 _cTH
999 _c73940
_d73940